[Event "EU-ch U18 Girls 30th"]
[Site "Antalya"]
[Date "2022.11.07"]
[Round "2"]
[White "Popovic, Mateja"]
[Black "Nadanyan, Kiti"]
[Result "1/2-1/2"]
[WhiteElo "1870"]
[BlackElo "1616"]
[PlyCount "61"]
[EventDate "2022.11.06"]
[EventType "swiss"]
[EventRounds "9"]
[EventCountry "TUR"]
[SourceTitle "EXT 2024"]
[Source "ChessBase"]
[SourceDate "2023.10.10"]
[SourceVersion "1"]
[SourceVersionDate "2023.10.10"]
[SourceQuality "1"]

1. d4 d5 2. c4 dxc4 3. Nf3 Nf6 4. e3 e6 5. Bxc4 a6 6. Nc3 c5 7. 0-0 Nc6 8. Qe2 cxd4 9. Rd1 Be7 10. exd4 0-0 11. d5 exd5 12. Nxd5 Nxd5 13. Bxd5 Qc7 14. Bxc6 bxc6 15. Bf4 Qxf4 16. Qxe7 Be6 17. Rd4 Qb8 18. b3 Bd5 19. Rc1 Re8 20. Qc5 Re2 21. Qa5 h6 22. Rd2 Re6 23. Nd4 Rg6 24. g3 Qc8 25. Ne2 Qg4 26. Qc3 Qe4 27. f3 Qxf3 28. Qxf3 Bxf3 29. Nd4 Bd5 30. Re2 Rc8 31. Rc5 1/2-1/2

[Event "EU-ch Hybrid U18 Girls"]
[Site "Tornelo INT"]
[Date "2021.10.15"]
[Round "1"]
[White "Muedder, Melanie"]
[Black "Nadanyan, Kiti"]
[Result "0-1"]
[WhiteElo "1949"]
[BlackElo "1407"]
[PlyCount "50"]
[EventDate "2021.10.15"]
[EventType "swiss"]
[EventRounds "9"]
[EventCountry "NET"]
[SourceTitle "EXT 2023"]
[Source "ChessBase"]
[SourceDate "2022.10.05"]
[SourceVersion "1"]
[SourceVersionDate "2022.10.05"]
[SourceQuality "1"]
[WhiteTeam "Germany"]
[BlackTeam "Armenia"]
[WhiteTeamCountry "GER"]
[BlackTeamCountry "ARM"]

1. e4 c6 2. c4 d5 3. exd5 cxd5 4. cxd5 Nf6 5. Nc3 Nxd5 6. Nf3 Nc6 7. Bc4 Nf6 8. 0-0 e6 9. d4 Be7 10. Re1 0-0 11. a3 b6 12. Bd3 Bb7 13. Bb1 Qc7 14. Qd3 g6 15. Bg5 Rfd8 16. Ba2 Ng4 17. Bxe7 Nxd4 18. Bxd8 Nxf3+ 19. Kf1 Ngxh2+ 20. Ke2 Rxd8 21. Nd5 Qe5+ 22. Qe3 Qxb2+ 23. Kd3 Ba6+ 24. Bc4 Rxd5+ 25. Ke4 Qe5# 0-1

[Event "EU-ch Hybrid U18 Girls"]
[Site "Tornelo INT"]
[Date "2021.10.15"]
[Round "5"]
[White "Nadanyan, Kiti"]
[Black "Hajiyeva, Laman"]
[Result "0-1"]
[WhiteElo "1407"]
[BlackElo "1974"]
[PlyCount "70"]
[EventDate "2021.10.15"]
[EventType "swiss"]
[EventRounds "9"]
[EventCountry "NET"]
[SourceTitle "EXT 2023"]
[Source "ChessBase"]
[SourceDate "2022.10.05"]
[SourceVersion "1"]
[SourceVersionDate "2022.10.05"]
[SourceQuality "1"]
[WhiteTeam "Armenia"]
[BlackTeam "Azerbaijan"]
[WhiteTeamCountry "ARM"]
[BlackTeamCountry "AZE"]

1. e4 e6 2. d4 d5 3. Nc3 Nf6 4. Bg5 h6 5. Bxf6 Qxf6 6. exd5 Bb4 7. Bb5+ c6 8. dxc6 bxc6 9. Be2 0-0 10. Qd2 Rd8 11. Rd1 Bb7 12. Bf3 Nd7 13. Nge2 Nb6 14. 0-0 Nc4 15. Qc1 Nd6 16. a3 Ba5 17. Na4 Ba6 18. Nc5 Bb5 19. b3 Bxe2 20. Bxe2 Rab8 21. Qe3 Nf5 22. Qe4 Nxd4 23. Bd3 g6 24. Na4 Bc7 25. Rfe1 Rd5 26. Bc4 Re5 27. Qd3 Rd8 28. Qc3 Rxe1+ 29. Rxe1 Qf4 30. g3 Nf3+ 31. Kh1 Qf5 32. Rc1 Qh5 33. h4 Nxh4 34. gxh4 Qxh4+ 35. Kg2 Qg5+ 0-1

[Event "EU-ch Hybrid U18 Girls"]
[Site "Tornelo INT"]
[Date "2021.10.15"]
[Round "9"]
[White "Nadanyan, Kiti"]
[Black "Stadlinger, Lea"]
[Result "1-0"]
[WhiteElo "1407"]
[BlackElo "1753"]
[PlyCount "83"]
[EventDate "2021.10.15"]
[EventType "swiss"]
[EventRounds "9"]
[EventCountry "NET"]
[SourceTitle "EXT 2023"]
[Source "ChessBase"]
[SourceDate "2022.10.05"]
[SourceVersion "1"]
[SourceVersionDate "2022.10.05"]
[SourceQuality "1"]
[WhiteTeam "Armenia"]
[BlackTeam "Austria"]
[WhiteTeamCountry "ARM"]
[BlackTeamCountry "AUT"]

1. e4 e5 2. Nf3 Nc6 3. Bb5 a6 4. Bxc6 dxc6 5. Nc3 Bg4 6. h3 Bxf3 7. Qxf3 Qf6 8. Qe3 Ne7 9. d3 Ng6 10. 0-0 Bd6 11. Ne2 0-0 12. Bd2 Nf4 13. Bc3 Nxe2+ 14. Qxe2 Qg6 15. Qg4 Qxg4 16. hxg4 Rfe8 17. g3 Rad8 18. Rad1 Bc5 19. Kg2 Bd4 20. Bd2 Bb6 21. Rh1 Bd4 22. Bc1 f6 23. f4 g6 24. Rh6 Rf8 25. Rdh1 Rf7 26. Rf1 Rdf8 27. Bd2 Bc5 28. b4 Bb6 29. a4 Ba7 30. Bc1 Bd4 31. Bd2 Ba7 32. Rf3 g5 33. fxg5 fxg5 34. Rf5 Kg7 35. Bxg5 Bd4 36. Bd2 Bc3 37. Be3 Bxb4 38. Rhh5 Rxf5 39. gxf5 Bc3 40. Bh6+ Kg8 41. Bxf8 Kxf8 42. Rxh7 1-0